000 00821nam a2200277Ia 4500
001 Z_5682
003 CHAP
008 220113s2008 xx 000 0 und d
010 _a168784
040 _cCHAP
090 _aTesis R 2091
100 _aReyes Lunar, Litza Mayahuel
_996889
245 _aRelaciones entre producción de leche y características de reproducción en Holstein /
_cLitza Mayahuel Reyes Lunar
260 _aChapingo, Méx. :
_bEl autor,
_c2008
300 _a73 h.
502 _aTesis (Ing. Agr. Esp. en Zootecnia) -- UACH. Departamento de Zootecnia
650 _aGanado Holstein
_945133
650 _aGanado lechero
_xReproducción
_945294
650 _aLeche
_xProducción
_965400
901 _aTESIS R 2091
902 _aM
910 _a2008
942 _c2
942 _c2
999 _c168784
_d168784